000 00241nam a22001097a 4500
082 _a294.538 EAR'Z
100 _aZABIH, MUAHMMAD ISMAIL
_967011
245 _aEARTH SHASTER
260 _aKARACHI
_bTEKSAS
_c1991
300 _a325P
942 _cBK
999 _c574867
_d574867